000 00547nam a2200181Ia 4500
008 100920s9999 xx 000 0 und d
082 _b68312
_a24 थ 91
100 _aकेदार.
245 _aमहात्मायनम्र.
260 _bजयदीप प्रकाशन, पुणे.
_c1991
300 _a158
_bसाधी
365 _b60
520 _aसायो.
630 _aमहात्मायनम्र.
650 _aसायो.
730 _aमहात्मायनम्र.
942 _cBOOK
999 _c710628
_d710625